000 00415nam a2200181Ia 4500
001 12793
005 20260306163007.0
008 260306t2016||||xx |||||||||||||| ||spa||
041 _aESP
082 _aRD 320.03
_bP78
100 _aPorcel, Beatriz
_eAUT
245 0 _aVocabulario Arendt
260 _c2016
300 _a261 páginas :
_c22 cm.
650 _aGEN
654 _aCDE
942 _cLIB
_dJUS
_fJUS
_2ddc
_n
999 _c12793
_d12793